Controladores de lógica programable de bajo costo con módulos de entrada y salida, analógicos y digitales, para señales industriales
Presenta el desarrollo de un controlador de lógica programable capaz de trabajar con señales industriales, digitales analógicas, haciendo uso de tecnologías de bajo costo de entrada y salida, así como la elaboración de un diagrama funcional del controlador, módulos de expansión e interfaz d...
| Main Authors: | , |
|---|---|
| Other Authors: | |
| Format: | Tesis Section = Libro |
| Language: | Undetermined Spanish |
| Published: |
Managua
UNI
2017
|
| Subjects: |
| LEADER | 01394nam a2200277Ia 4500 | ||
|---|---|---|---|
| 008 | 240830s9999 xx 000 0 und d | ||
| 040 | |a BIBLIOTECA-RUSB/ Mon 621.3815 R173 | ||
| 041 | |a spa | ||
| 082 | |a Mon 621.3815 R173 | ||
| 100 | 1 | |a Ramírez Castro, Kelvin Nadir | |
| 100 | 1 | |b Blandón Acevedo, Kevin José | |
| 245 | 1 | 0 | |a Controladores de lógica programable de bajo costo con módulos de entrada y salida, analógicos y digitales, para señales industriales |
| 260 | |a Managua |b UNI |c 2017 | ||
| 300 | |a 91 p. :il. | ||
| 500 | |a Contiene: anexos y CD. | ||
| 502 | |a Tesis (Ingeniero Electrónico) - UNI, 2017. | ||
| 520 | 3 | |a Presenta el desarrollo de un controlador de lógica programable capaz de trabajar con señales industriales, digitales analógicas, haciendo uso de tecnologías de bajo costo de entrada y salida, así como la elaboración de un diagrama funcional del controlador, módulos de expansión e interfaz de usuario, también la determinación de las tecnologías apropiadas para la implementación de los subsistemas del controlador. | |
| 650 | 7 | |a CONTROLADORES DIGITALES | |
| 650 | 7 | |b AUTOMATIZACION DE PROCESOS INDUSTRIALES | |
| 650 | 7 | |c DISPOSITIVOS ELECTRONICOS | |
| 650 | 7 | |d CIRCUITOS ELECTRONICOS | |
| 650 | 7 | |e MICROCONTROLADORES | |
| 700 | 1 | |a Tutor: |b Jiménez López, Yamil Odell | |
| 942 | |c BK |2 ddc | ||
| 991 | |a TESIS | ||
| 999 | |c 20250 | ||